| 000 | 02277cam a22005054i 4500 | ||
|---|---|---|---|
| 003 | PE-LiUPU | ||
| 005 | 20250731172831.0 | ||
| 008 | 150623s2014 miu rb 001 0 eng d | ||
| 020 | _a0310517826 | ||
| 020 | _a9780310517825 | ||
| 035 | _a(Sirsi) i9780310517825 | ||
| 040 |
_aPE-LiUPU _bspa _cPE-LiUPU _erda |
||
| 049 | _aPRUA | ||
| 082 | 0 | 4 |
_a220.7 _bF33 2014 |
| 100 | 1 |
_aFee, Gordon D., _eautor. |
|
| 245 | 1 | 0 |
_aHow to read the Bible for all its worth / _cGordon D. Fee, Douglass Stuart. |
| 250 | _aFourth edition. | ||
| 264 | 1 |
_aMichigan : _bZondervan, _c2014. |
|
| 300 |
_a301 páginas ; _c20 centímetros |
||
| 336 |
_atext _2rdacontent |
||
| 337 |
_aunmediated _2rdamedia |
||
| 338 |
_avolume _2rdacarrier |
||
| 504 | _aBibliografía : páginas 279-290. | ||
| 504 | _aÍndice : páginas 291-301. | ||
| 505 | 0 | _aIntroduction: the need to interpret -- The Basic tool: a good translation -- The epistles : learning to think contextually -- The epistles: the hermeneutical questions -- The Old Testament narratives: Their Proper use -- Acts: the question of historical precedent -- The gospels: one story, manydimensions -- The parables: do you get the point? -- The law(s): covenant stipulations for Israel -- The prophets: enforcing the convenant in Israel -- The Psalms: Israel's prayers and ours -- Wisdom: then and now -- Revelation: images of judment and hope. | |
| 526 | _aSEG42 | ||
| 526 | _aSEG41 | ||
| 526 | _aSEG40 | ||
| 526 | _aSEG39 | ||
| 526 | _aP94 | ||
| 526 | _aP87 | ||
| 526 | _aP86 | ||
| 526 | _aP85 | ||
| 526 | _aP77 | ||
| 526 | _aP76 | ||
| 526 | _aP35 | ||
| 630 |
_aBiblia _xEstudio y enseñanza. |
||
| 700 | 1 |
_aStuart, Douglass, _eautor. |
|
| 942 |
_2ddc _cBOOK |
||
| 949 |
_aPGT 220.7 F33 2014 _wDEWEY _c1 _i71896 _lCCODEBUL1 _mBUL _p19.00 _r0 _sY _tBOOK _u2015-8-25 _xTEOLOGIA _PP85 _0COMPRA _o.CIRCNOTE. No olvidar cambiar la fecha de devolución!!!!!!! _o.STAFF. Posgrado |
||
| 994 |
_aC0 _bPEPRU |
||
| 596 | _a1 | ||
| 999 |
_aPGT 220.7 F33 2014 _wDEWEY _c6814 _i71896 _f2021-11-9 _g5 _lCCODEBUL1 _mBUL _p19.00 _r0 _sY _tBOOK _u2015-8-25 _xTEOLOGIA _PP85 _0COMPRA _o.CIRCNOTE. No olvidar cambiar la fecha de devolución!!!!!!! _o.STAFF. Posgrado _d6814 |
||
| 980 |
_81 _gALBERTO SANCHEZ Responsable de Automatización |
||